| Registos Bibliográficos associados ao registo de autoridade |
|
Etiqueta de registo: 00000nam 2200025 450 001 2288190 003 http://id.bnportugal.gov.pt/bib/catbnp/2288190 100 ## $a20260618d2024 k y0pory01030103ba 101 0# $apor$deng 102 ## $aPT 105 ## $aa m 000yy 106 ## $ar 200 1# $aHard-boiled, luz e sombras$e o design do cartaz do film noir dos anos quarenta e cinquenta do século XX$fAbigail Rito Fragoso$gorient. António José da Costa Nicolas, Emílio Manuel Távora Vilar 210 #9 $aLisboa$c[s.n.],$d2024 215 ## $a350 p.$cil.$d30 cm 328 #1 $aTese dout. Belas-Artes (Design de Comunicação), Faculdade de Belas-Artes, Universidade
de Lisboa, 2024 700 #1 $aFragoso,$bAbigail Rito$32000946 702 #1 $aNicolas,$bAntónio José da Costa,$f1967-$4727$31394995 702 #1 $aVilar,$bEmílio,$f1964-$4727$334933 801 #0 $aPT$bBN$gRPC 966 ## $lBN$mFGMON$x1 971 ## $corlando$d20260618
|
|
|